Từ Các Mác đến Hồ CHí Minh một dòng chảy văn hoá

Na minha lista:
Detalhes bibliográficos
Autor principal: Trần Đình Hùynh, PGS
Formato: Livro
Publicado em: Nxb Hà Nội 2003
Tags: Adicionar Tag
Sem tags, seja o primeiro a adicionar uma tag!
Thư viện lưu trữ: Mạng thư viện Đại học Đà Nẵng
LEADER 00617nam a2200229 a 4500
001 000029582
003 16314
005 20171030145630.0
008 171030s2003
020 |c 19500 
040 |a LTT 
082 0 |a 335.51  |b TR-H 
100 1 |a Trần Đình Hùynh, PGS 
245 0 0 |a Từ Các Mác đến Hồ CHí Minh một dòng chảy văn hoá  |c Trần Đình Hùynh, Trịnh Quang Cảnh. 
260 |b Nxb Hà Nội  |c 2003 
OWN |a LTT 
999 |a From the UDN01 
TYP |a Monograph 
TYP |a Printed language 
980 |a Mạng thư viện Đại học Đà Nẵng